[Event "HUN-chT2 Asztalos 1617"]
[Site "Hungary"]
[Date "2017.01.29"]
[Round "7.1"]
[White "Lantos, Levente"]
[Black "Kele, Karoly"]
[Result "1/2-1/2"]
[WhiteElo "2071"]
[BlackElo "2095"]
[PlyCount "20"]
[EventDate "2016.09.25"]
[EventType "team-tourn"]
[EventRounds "11"]
[EventCountry "HUN"]
[SourceTitle "EXT 2021"]
[Source "ChessBase"]
[SourceDate "2020.10.23"]
[SourceVersion "1"]
[SourceVersionDate "2020.10.23"]
[SourceQuality "1"]
[WhiteTeam "Komlo Banyasz II"]
[BlackTeam "Pecs Karmin"]
[WhiteTeamCountry "HUN"]
[BlackTeamCountry "HUN"]

1. d4 Nf6 2. c4 e6 3. Nf3 b6 4. Nc3 Bb7 5. g3 Be7 6. Bg2 0-0 7. 0-0 Ne4 8. Qc2 Nxc3 9. bxc3 f5 10. Ne1 Bxg2 1/2-1/2

[Event "HUN-chT2 Asztalos 1617"]
[Site "Hungary"]
[Date "2016.09.25"]
[Round "1.1"]
[White "Pribek, Laszlo"]
[Black "Lantos, Levente"]
[Result "1-0"]
[WhiteElo "2144"]
[BlackElo "2095"]
[PlyCount "53"]
[EventDate "2016.09.25"]
[EventType "team-tourn"]
[EventRounds "11"]
[EventCountry "HUN"]
[SourceTitle "EXT 2021"]
[Source "ChessBase"]
[SourceDate "2020.10.23"]
[SourceVersion "1"]
[SourceVersionDate "2020.10.23"]
[SourceQuality "1"]
[WhiteTeam "Fehervar"]
[BlackTeam "Komlo Banyasz II"]
[WhiteTeamCountry "HUN"]
[BlackTeamCountry "HUN"]

1. e4 c5 2. Nf3 d6 3. d4 cxd4 4. Nxd4 Nf6 5. Nc3 g6 6. Be3 Bg7 7. f3 0-0 8. Qd2 Nc6 9. g4 Be6 10. Nxe6 fxe6 11. 0-0-0 Ne5 12. Be2 Rc8 13. Kb1 Qa5 14. Nb5 Qxd2 15. Bxd2 a6 16. Nd4 Kf7 17. Bc1 Nc6 18. c3 Nxd4 19. cxd4 Ke8 20. h4 Kd7 21. h5 gxh5 22. g5 Ne8 23. Rxh5 Rh8 24. Be3 Nc7 25. f4 h6 26. g6 b5 27. Bg4 1-0

[Event "HUN-chT2 Charousek 1516"]
[Site "Hungary"]
[Date "2015.11.29"]
[Round "3.11"]
[White "Lantos, Levente"]
[Black "Sipos, Janos"]
[Result "0-1"]
[WhiteElo "2076"]
[BlackElo "2244"]
[PlyCount "58"]
[EventDate "2015.10.18"]
[EventType "team-tourn"]
[EventRounds "9"]
[EventCountry "HUN"]
[SourceTitle "CBM 170 Extra"]
[Source "ChessBase"]
[SourceDate "2016.02.25"]
[SourceVersion "1"]
[SourceVersionDate "2016.02.25"]
[SourceQuality "1"]
[WhiteTeam "Komlo"]
[BlackTeam "Aquaprofit II"]
[WhiteTeamCountry "HUN"]
[BlackTeamCountry "HUN"]

1. d4 Nf6 2. c4 c5 3. d5 b5 4. cxb5 a6 5. bxa6 g6 6. Nc3 Bxa6 7. Nf3 Bg7 8. e4 Bxf1 9. Kxf1 d6 10. g3 Nbd7 11. Kg2 0-0 12. Qe2 Qa5 13. a4 Rfb8 14. Ra3 Rb4 15. Qc2 Nb6 16. b3 c4 17. Nd2 Rc8 18. Bb2 Nfd7 19. Nxc4 Nxc4 20. bxc4 Nb6 21. Rc1 Nxc4 22. Nd1 Bxb2 23. Nxb2 Rxb2 24. Qxb2 Nxb2 25. Rxc8+ Kg7 26. Re8 Qb4 27. Re3 Nd1 28. Re2 Qc4 29. Re1 Qc2 0-1

[Event "HUN-chT2 Asztalos 1415"]
[Site "Hungary"]
[Date "2015.02.08"]
[Round "6.5"]
[White "Lantos, Levente"]
[Black "Albrecht, Gabor"]
[Result "0-1"]
[WhiteElo "2086"]
[BlackElo "2062"]
[PlyCount "67"]
[EventDate "2014.10.12"]
[EventType "team-tourn"]
[EventRounds "9"]
[EventCountry "HUN"]
[SourceTitle "EXT 2016"]
[Source "ChessBase"]
[SourceDate "2015.10.08"]
[SourceVersion "1"]
[SourceVersionDate "2015.10.08"]
[SourceQuality "1"]
[WhiteTeam "Szentlorinc"]
[BlackTeam "Fehervar"]
[WhiteTeamCountry "HUN"]
[BlackTeamCountry "HUN"]

1. d4 d5 2. c4 e6 3. Nc3 Be7 4. Nf3 Nf6 5. g3 0-0 6. Bg2 c5 7. dxc5 dxc4 8. Qa4 Qc7 9. Qxc4 Bxc5 10. b3 Nbd7 11. Ba3 Rb8 12. Nb5 Qb6 13. Bxc5 Nxc5 14. Ne5 Rd8 15. Rc1 Bd7 16. Nxd7 Ncxd7 17. 0-0 a6 18. Na3 Qa5 19. Qa4 Qe5 20. e3 Nc5 21. Nc4 Qh5 22. Qa3 Nce4 23. Qa5 b5 24. Nb6 Rd2 25. f3 Rbd8 26. fxe4 Qe2 27. Qxd2 Qxd2 28. Nc8 Qxe3+ 29. Kh1 Ng4 30. h3 Nf2+ 31. Kh2 Nxe4 32. Ne7+ Kf8 33. Nc6 Qxg3+ 34. Kg1 0-1

[Event "HUN-chT2 Asztalos 1415"]
[Site "Hungary"]
[Date "2014.11.30"]
[Round "3"]
[White "Szabo, Zoltan"]
[Black "Lantos, Levente"]
[Result "0-1"]
[WhiteElo "1862"]
[BlackElo "2086"]
[PlyCount "68"]
[EventDate "2014.10.12"]
[EventType "team-tourn"]
[EventRounds "9"]
[EventCountry "HUN"]
[SourceTitle "EXT 2016"]
[Source "ChessBase"]
[SourceDate "2015.10.08"]
[SourceVersion "1"]
[SourceVersionDate "2015.10.08"]
[SourceQuality "1"]
[WhiteTeam "Peti MTE"]
[BlackTeam "Szentlorinc"]
[WhiteTeamCountry "HUN"]
[BlackTeamCountry "HUN"]

1. e4 c5 2. Nc3 Nc6 3. f4 d6 4. Nf3 g6 5. Bc4 Bg7 6. 0-0 e6 7. f5 exf5 8. d3 Nge7 9. Qe1 0-0 10. Qh4 h5 11. Bg5 Qe8 12. Qf4 Ne5 13. Bb3 Be6 14. Bxe7 Qxe7 15. exf5 Bxf5 16. Nd5 Qd8 17. Rae1 Re8 18. Ba4 Nxf3+ 19. Qxf3 Rxe1 20. Rxe1 Qa5 21. Qe2 Qxa4 22. Ne7+ Kf8 23. Nxf5 gxf5 24. Qxh5 Qd4+ 25. Kh1 Qf2 26. Qd1 Be5 27. Re2 Qh4 28. Qg1 Re8 29. Re1 Re6 30. g3 Qg4 31. Rf1 Rh6 32. Kg2 Qh3+ 33. Kf3 f4 34. Ke2 Qxh2+ 0-1

[Event "HUN-chT2 Asztalos 1314"]
[Site "Hungary"]
[Date "2014.04.27"]
[Round "9"]
[White "Lantos, Levente"]
[Black "Magony, Tamas"]
[Result "1/2-1/2"]
[WhiteElo "2090"]
[BlackElo "2163"]
[PlyCount "51"]
[EventDate "2013.09.08"]
[EventType "team-tourn"]
[EventRounds "9"]
[EventCountry "HUN"]
[SourceTitle "EXT 2016"]
[Source "ChessBase"]
[SourceDate "2015.10.08"]
[SourceVersion "1"]
[SourceVersionDate "2015.10.08"]
[SourceQuality "1"]
[WhiteTeam "Szentlorinc"]
[BlackTeam "Baja"]
[WhiteTeamCountry "HUN"]
[BlackTeamCountry "HUN"]

1. d4 d5 2. c4 e6 3. Nc3 Nf6 4. cxd5 exd5 5. Qc2 c6 6. Bg5 Be7 7. e3 Nbd7 8. Bd3 0-0 9. Nf3 Re8 10. 0-0 Nf8 11. Ne5 Ng4 12. Bxe7 Qxe7 13. Nf3 g6 14. Rab1 Nh6 15. b4 a6 16. a4 Bf5 17. b5 axb5 18. axb5 Bxd3 19. Qxd3 Nd7 20. Rfc1 Nf5 21. Qc2 Nd6 22. bxc6 bxc6 23. Nd2 Rec8 24. Na4 Qd8 25. Rb4 Qa5 26. Rcb1 1/2-1/2

[Event "HUN-chT2 Asztalos 1314"]
[Site "Hungary"]
[Date "2014.03.02"]
[Round "6"]
[White "Lantos, Levente"]
[Black "Misetane Burjan, Anita"]
[Result "1/2-1/2"]
[WhiteElo "2090"]
[BlackElo "2041"]
[PlyCount "81"]
[EventDate "2013.09.08"]
[EventType "team-tourn"]
[EventRounds "9"]
[EventCountry "HUN"]
[SourceTitle "EXT 2016"]
[Source "ChessBase"]
[SourceDate "2015.10.08"]
[SourceVersion "1"]
[SourceVersionDate "2015.10.08"]
[SourceQuality "1"]
[WhiteTeam "Szentlorinc"]
[BlackTeam "Kaposvar Bastya"]
[WhiteTeamCountry "HUN"]
[BlackTeamCountry "HUN"]

1. d4 d5 2. c4 e6 3. Nc3 c6 4. Nf3 Nd7 5. cxd5 exd5 6. Bf4 Ngf6 7. e3 Nh5 8. Bg3 Nxg3 9. hxg3 Nf6 10. Bd3 Bd6 11. Qc2 h6 12. 0-0-0 Bg4 13. Rde1 Qc7 14. e4 dxe4 15. Nxe4 Nxe4 16. Rxe4+ Be6 17. Bc4 Kd7 18. Bxe6+ fxe6 19. Rhe1 Rae8 20. Qe2 Re7 21. Rxe6 Rhe8 22. Rxe7+ Rxe7 23. Ne5+ Bxe5 24. dxe5 Qa5 25. Kb1 Kc7 26. f4 g6 27. Rd1 Rd7 28. Rxd7+ Kxd7 29. a3 Qd5 30. g4 Ke6 31. Qc2 Kf7 32. g3 b5 33. b3 a5 34. Kb2 Qd4+ 35. Ka2 Qd5 36. Kb2 Qd4+ 37. Ka2 Qd5 38. Kb1 Qh1+ 39. Qc1 Qe4+ 40. Qc2 Qh1+ 41. Kb2 1/2-1/2

[Event "HUN-chT2 Asztalos 1112"]
[Site "Hungary"]
[Date "2011.11.27"]
[Round "4.3"]
[White "Lantos, Levente"]
[Black "Tomasic, Dragutin"]
[Result "1-0"]
[WhiteElo "2123"]
[BlackElo "2039"]
[PlyCount "129"]
[EventDate "2011.09.25"]
[EventType "team-tourn"]
[EventRounds "11"]
[EventCountry "HUN"]
[SourceTitle "EXT 2013"]
[Source "ChessBase"]
[SourceDate "2012.11.22"]
[SourceVersion "1"]
[SourceVersionDate "2012.11.22"]
[SourceQuality "1"]
[WhiteTeam "Dombovar"]
[BlackTeam "Mohacs"]
[WhiteTeamCountry "HUN"]
[BlackTeamCountry "HUN"]

1. d4 d5 2. c4 c6 3. Nf3 Nf6 4. Nc3 e6 5. cxd5 exd5 6. Bg5 h6 7. Bh4 Nbd7 8. e3 Bd6 9. Bd3 Qa5 10. 0-0 0-0 11. a3 a6 12. b4 Qc7 13. Rc1 g5 14. Bg3 Bxg3 15. hxg3 Qd6 16. Nd2 Re8 17. Qb3 Kg7 18. Rce1 b5 19. Qc2 Nf8 20. Nb3 Ng6 21. Nc5 a5 22. bxa5 Rxa5 23. a4 bxa4 24. N3xa4 Ra7 25. Rb1 h5 26. Rb6 Ne7 27. Nc3 Qc7 28. Rb3 Rh8 29. e4 h4 30. e5 Ng4 31. Qd2 f6 32. f4 fxe5 33. fxe5 Rh6 34. Qxg5+ Ng6 35. gxh4 Qe7 36. Qxe7+ Nxe7 37. g3 Ne3 38. Rf3 Nc4 39. Bxc4 dxc4 40. Rb2 Rg6 41. Kh2 Nf5 42. Ne2 Rg4 43. Rd2 Ne7 44. Rc3 Nd5 45. Rxc4 Ne3 46. Rc1 Rf7 47. Nf4 Rfxf4 48. gxf4 Rxh4+ 49. Kg1 Rxf4 50. e6 Rg4+ 51. Kf2 Nf5 52. Re1 Rf4+ 53. Kg2 Kf6 54. d5 cxd5 55. Rxd5 Ke7 56. Rd7+ Ke8 57. Rc7 Ne7 58. Kg3 Rd4 59. Kf3 Kd8 60. Ra7 Rd5 61. Rh1 Rf5+ 62. Ke4 Rf8 63. Rh7 Re8 64. Nd7 Nc6 65. Ra8 1-0

[Event "HUN-chT2 Asztalos 1011"]
[Site "Hungary"]
[Date "2011.04.10"]
[Round "8.1"]
[White "Lantos, Levente"]
[Black "Vrban, Mladen"]
[Result "0-1"]
[WhiteElo "2118"]
[BlackElo "2327"]
[PlyCount "72"]
[EventDate "2010.09.12"]
[EventType "team-tourn"]
[EventRounds "11"]
[EventCountry "HUN"]
[SourceTitle "EXT 2012"]
[Source "ChessBase"]
[SourceDate "2011.11.24"]
[SourceVersion "1"]
[SourceVersionDate "2011.11.24"]
[SourceQuality "1"]
[WhiteTeam "Dombovar"]
[BlackTeam "Nagyatad"]
[WhiteTeamCountry "HUN"]
[BlackTeamCountry "HUN"]

1. d4 g6 2. c4 f5 3. g3 Bg7 4. Bg2 c6 5. Nc3 Nf6 6. Nf3 0-0 7. 0-0 d6 8. Bg5 Nh5 9. Qd2 Qe8 10. Bh6 f4 11. Bxg7 Kxg7 12. d5 Nd7 13. b4 c5 14. Nb5 Qd8 15. a3 a6 16. Nc3 Kg8 17. Ne4 b6 18. Neg5 Nb8 19. Ne6 Bxe6 20. dxe6 Qc8 21. Ng5 Ra7 22. Bd5 Nc6 23. Nf7 Nd4 24. g4 Ng7 25. Nxd6 exd6 26. e7+ Rf7 27. Bxf7+ Kxf7 28. Qxf4+ Kxe7 29. Qg5+ Ke8 30. Kh1 Re7 31. bxc5 dxc5 32. e3 Nf3 33. Qd5 Rf7 34. Rad1 Ne6 35. Qe4 Kf8 36. Rd6 Neg5 0-1

[Event "HUN-chT2 Asztalos 1011"]
[Site "Hungary"]
[Date "2011.03.27"]
[Round "7.2"]
[White "Lantos, Levente"]
[Black "Javor, Sandor"]
[Result "1-0"]
[WhiteElo "2118"]
[BlackElo "2249"]
[PlyCount "49"]
[EventDate "2010.09.12"]
[EventType "team-tourn"]
[EventRounds "11"]
[EventCountry "HUN"]
[SourceTitle "EXT 2012"]
[Source "ChessBase"]
[SourceDate "2011.11.24"]
[SourceVersion "1"]
[SourceVersionDate "2011.11.24"]
[SourceQuality "1"]
[WhiteTeam "Dombovar"]
[BlackTeam "Baja"]
[WhiteTeamCountry "HUN"]
[BlackTeamCountry "HUN"]

1. d4 Nf6 2. c4 d6 3. Nf3 g6 4. Nc3 Bg7 5. e4 0-0 6. Be2 Nbd7 7. 0-0 e5 8. dxe5 dxe5 9. Qc2 c6 10. Be3 Qc7 11. Rfd1 Ng4 12. Bd2 Re8 13. h3 Ngf6 14. b4 Nf8 15. Be3 Ne6 16. c5 Nh5 17. Rac1 h6 18. Rd6 Rd8 19. Rcd1 Rxd6 20. cxd6 Qd7 21. Na4 b5 22. Nc5 Nxc5 23. Qxc5 f6 24. Nh4 Kh7 25. Bg4 1-0

[Event "HUN-chT2 Asztalos 0910"]
[Site "Hungary"]
[Date "2010.05.02"]
[Round "11"]
[White "Domonkos, Daniel"]
[Black "Lantos, Levente"]
[Result "1/2-1/2"]
[WhiteElo "2075"]
[BlackElo "2091"]
[PlyCount "122"]
[EventDate "2009.11.08"]
[EventType "team-tourn"]
[EventRounds "11"]
[EventCountry "HUN"]
[SourceTitle "EXT 2011"]
[Source "ChessBase"]
[SourceDate "2010.11.26"]
[SourceVersion "1"]
[SourceVersionDate "2010.11.26"]
[SourceQuality "1"]
[WhiteTeam "Veszprem"]
[BlackTeam "Dombovar"]
[WhiteTeamCountry "HUN"]
[BlackTeamCountry "HUN"]

1. d4 Nf6 2. c4 g6 3. Nc3 Bg7 4. e4 d6 5. Nf3 0-0 6. Be2 e5 7. dxe5 dxe5 8. Bg5 Qxd1+ 9. Rxd1 Nc6 10. 0-0 Bg4 11. c5 Bxf3 12. Bxf3 Nd4 13. Rd3 c6 14. Rfd1 h6 15. Bxf6 Bxf6 16. Ne2 Rad8 17. Kf1 Nxf3 18. gxf3 Rxd3 19. Rxd3 Rd8 20. Nc1 Kg7 21. Ke2 Bg5 22. Rxd8 Bxd8 23. Nd3 Bc7 24. Ke3 Kf6 25. b4 b5 26. cxb6 axb6 27. a4 g5 28. Kd2 Ke6 29. Kc3 h5 30. h3 f5 31. Kc4 fxe4 32. fxe4 g4 33. hxg4 hxg4 34. b5 c5 35. a5 bxa5 36. Nxc5+ Kd6 37. Nb7+ Kd7 38. Nc5+ Kd6 39. Nb7+ Kd7 40. Nc5+ Kc8 41. Kd5 Bb6 42. Nd3 a4 43. Kc4 a3 44. Kb3 a2 45. Kxa2 Bd4 46. Kb3 Kc7 47. Kc4 Kb6 48. Kd5 Kxb5 49. Ke6 Kb6 50. Kf5 Kc7 51. Kxg4 Kd6 52. Kf5 Bc3 53. f3 Bd4 54. Ne1 Bf2 55. Ng2 Bd4 56. Nh4 Bf2 57. Ng6 Bg3 58. Kf6 Bh2 59. Nh8 Kc5 60. Nf7 Kd4 61. Kf5 Bf4 1/2-1/2

[Event "HUN-chT2 Asztalos 0910"]
[Site "Hungary"]
[Date "2010.03.21"]
[Round "8"]
[White "Pribek, Laszlo"]
[Black "Lantos, Levente"]
[Result "1-0"]
[WhiteElo "2169"]
[BlackElo "2091"]
[PlyCount "83"]
[EventDate "2009.11.08"]
[EventType "team-tourn"]
[EventRounds "11"]
[EventCountry "HUN"]
[SourceTitle "EXT 2011"]
[Source "ChessBase"]
[SourceDate "2010.11.26"]
[SourceVersion "1"]
[SourceVersionDate "2010.11.26"]
[SourceQuality "1"]
[WhiteTeam "Szekesfehervar"]
[BlackTeam "Dombovar"]
[WhiteTeamCountry "HUN"]
[BlackTeamCountry "HUN"]

1. d4 Nf6 2. Nf3 g6 3. c4 Bg7 4. Nc3 0-0 5. e4 d6 6. Be2 e5 7. 0-0 Nc6 8. dxe5 Nxe5 9. Nxe5 dxe5 10. Bg5 c6 11. Qb3 Qc7 12. c5 Be6 13. Bc4 Rfe8 14. Bxe6 Rxe6 15. f3 Nd7 16. Be3 Bf8 17. Qc4 b5 18. cxb6 Nxb6 19. Qe2 Bb4 20. Rfc1 Qe7 21. Nd1 Qb7 22. Rc2 Rd8 23. Rac1 f5 24. a3 Bf8 25. b4 Kg7 26. Nb2 f4 27. Bf2 Kf6 28. Be1 Rd4 29. Bc3 Rd7 30. a4 c5 31. b5 c4 32. a5 Bc5+ 33. Kf1 Nc8 34. Qxc4 Be3 35. a6 Qb8 36. Nd3 Rxd3 37. Qxd3 Bxc1 38. Rxc1 Rd6 39. Bxe5+ Kxe5 40. Qc3+ Rd4 41. Qc5+ Ke6 42. Qxd4 1-0

[Event "HUN-chT2 Asztalos 0809"]
[Site "Hungary"]
[Date "2009.01.11"]
[Round "5"]
[White "Lantos, Levente"]
[Black "Kadar, Gabor"]
[Result "1-0"]
[WhiteElo "2091"]
[BlackElo "2224"]
[PlyCount "28"]
[EventDate "2008.10.26"]
[EventType "team-tourn"]
[EventRounds "11"]
[EventCountry "HUN"]
[SourceTitle "EXT 2010"]
[Source "ChessBase"]
[SourceDate "2010.11.25"]
[SourceVersion "1"]
[SourceVersionDate "2010.11.25"]
[SourceQuality "1"]
[WhiteTeam "Dombovar"]
[BlackTeam "Pannonpower II"]
[WhiteTeamCountry "HUN"]
[BlackTeamCountry "HUN"]

1. d4 Nf6 2. c4 g6 3. Nc3 Bg7 4. e4 d6 5. f3 0-0 6. Be3 e5 7. Nge2 Nc6 8. d5 Ne7 9. Qd2 Ne8 10. Nc1 f5 11. Nd3 Nf6 12. Be2 a6 13. b4 c6 14. 0-0 b5 1-0